[Event "Regionalliga SW 0304"]
[Site "Bayern"]
[Date "2004.01.18"]
[Round "5.2"]
[White "Schunk, Herbert"]
[Black "Kuenzner, Franz"]
[Result "1/2-1/2"]
[WhiteElo "2099"]
[BlackElo "2254"]
[PlyCount "39"]
[EventDate "2003.10.??"]
[EventType "team"]
[EventRounds "9"]
[EventCountry "GER"]
[SourceTitle "EXT 2006"]
[Source "ChessBase"]
[SourceDate "2005.11.24"]
[SourceVersion "1"]
[SourceVersionDate "2005.11.24"]
[SourceQuality "1"]
[WhiteTeam "Muenchen RTA"]
[BlackTeam "Muenchen Sendling"]
[WhiteTeamCountry "GER"]
[BlackTeamCountry "GER"]

1. e4 c5 2. Nf3 Nc6 3. d4 cxd4 4. Nxd4 g6 5. Be2 Bg7 6. Nb3 Nf6 7. Nc3 0-0 8. 0-0 b6 9. Be3 Bb7 10. f4 Qc8 11. a4 Rd8 12. e5 Ne8 13. a5 bxa5 14. Nxa5 Nxa5 15. Rxa5 d6 16. Qa1 dxe5 17. fxe5 Qc7 18. Qa2 e6 19. Rc5 Qe7 20. Qa4 1/2-1/2

[Event "Regionalliga SW 0304"]
[Site "Bayern"]
[Date "2003.10.12"]
[Round "1.2"]
[White "Schunk, Herbert"]
[Black "Kuehn, Manfred"]
[Result "1/2-1/2"]
[WhiteElo "2099"]
[BlackElo "2180"]
[PlyCount "39"]
[EventDate "2003.10.??"]
[EventType "team"]
[EventRounds "9"]
[EventCountry "GER"]
[SourceTitle "EXT 2006"]
[Source "ChessBase"]
[SourceDate "2005.11.24"]
[SourceVersion "1"]
[SourceVersionDate "2005.11.24"]
[SourceQuality "1"]
[WhiteTeam "Muenchen RTA"]
[BlackTeam "Muenchen 77 Nord"]
[WhiteTeamCountry "GER"]
[BlackTeamCountry "GER"]

1. e4 c5 2. Nf3 d6 3. d4 cxd4 4. Nxd4 Nf6 5. Nc3 Nc6 6. Be2 e6 7. Be3 Be7 8. 0-0 0-0 9. Kh1 a6 10. a4 Qc7 11. f4 Re8 12. Qe1 e5 13. Nxc6 bxc6 14. fxe5 dxe5 15. Bc4 Rb8 16. Qg3 Rf8 17. Bd4 Ng4 18. Be2 Bh4 19. Qxh4 exd4 20. Bxg4 1/2-1/2

[Event "Regionalliga SW 0203"]
[Site "Bayern"]
[Date "2003.03.09"]
[Round "8.3"]
[White "Schunk, Herbert"]
[Black "Wiegner, Denis"]
[Result "1/2-1/2"]
[WhiteElo "2050"]
[BlackElo "2180"]
[PlyCount "101"]
[EventDate "2002.10.20"]
[EventType "team"]
[EventRounds "9"]
[EventCountry "GER"]
[SourceTitle "EXT 2004"]
[Source "ChessBase"]
[SourceDate "2003.11.25"]
[SourceVersion "1"]
[SourceVersionDate "2003.11.25"]
[SourceQuality "1"]
[WhiteTeam "Muenchen RTA"]
[BlackTeam "Garching"]
[WhiteTeamCountry "GER"]
[BlackTeamCountry "GER"]

1. e4 e6 2. d4 d5 3. Nd2 Nf6 4. e5 Nfd7 5. f4 c5 6. c3 Nc6 7. Ndf3 Qb6 8. g3 cxd4 9. cxd4 Be7 10. Kf2 f6 11. Kg2 0-0 12. Bd3 fxe5 13. fxe5 Nxd4 14. Nxd4 Nxe5 15. Be2 Ng6 16. Bf3 Kh8 17. h4 Ne5 18. Be2 Bd7 19. Nh3 Bc5 20. Nb3 Bc6 21. Nxc5 d4+ 22. Kh2 Qxc5 23. Bf4 d3 24. Bh5 Qd5 25. Rg1 g6 26. Ng5 Kg7 27. Qe1 Rf5 28. Bd1 h6 29. Bb3 Nf3+ 30. Nxf3 Qxf3 31. Bxe6 Rc5 32. Be5+ Kh7 33. Bc3 Re8 34. Qf1 Rxe6 35. Qxf3 Bxf3 36. Rgf1 Rf5 37. Rf2 Be2 38. Rxf5 gxf5 39. Kg1 Kg6 40. Kf2 h5 41. Rc1 Bg4 42. Re1 Re4 43. Rxe4 fxe4 44. Ke3 Kf5 45. a4 Bf3 46. a5 Kg4 47. Kf2 Kf5 48. Ke3 Ke6 49. b4 Kd5 50. Bd2 Kc4 51. Be1 1/2-1/2

[Event "Passau op 8th"]
[Site "Passau"]
[Date "2000.04.22"]
[Round "4"]
[White "Babula, Milan"]
[Black "Schunk, Herbert"]
[Result "1/2-1/2"]
[WhiteElo "2369"]
[BlackElo "2212"]
[PlyCount "68"]
[EventDate "2000.04.21"]
[EventType "swiss"]
[EventRounds "7"]
[EventCountry "GER"]
[SourceTitle "CBM 076 Extra"]
[Source "ChessBase"]
[SourceDate "2000.07.11"]
[SourceVersion "1"]
[SourceVersionDate "2000.07.11"]
[SourceQuality "1"]

1. e4 e5 2. Nf3 Nc6 3. Bb5 a6 4. Ba4 Nf6 5. 0-0 Be7 6. Bxc6 dxc6 7. Nc3 Nd7 8. d4 exd4 9. Nxd4 Nc5 10. Be3 Ne6 11. f4 Nxd4 12. Qxd4 Qxd4 13. Bxd4 0-0 14. f5 f6 15. Rad1 Rd8 16. g4 Bd7 17. e5 c5 18. exf6 gxf6 19. Be3 Bc6 20. Bf4 c4 21. Kf2 Bc5+ 22. Kg3 Bd4 23. h4 Bxc3 24. bxc3 Rxd1 25. Rxd1 Re8 26. Rd2 Kf7 27. g5 Re1 28. Bxc7 Rf1 29. Bf4 Rg1+ 30. Kh3 Rh1+ 31. Bh2 Rf1 32. Kg4 Bf3+ 33. Kf4 Bc6+ 34. Kg4 Bf3+ 1/2-1/2

[Event "Passau op 8th"]
[Site "Passau"]
[Date "2000.04.22"]
[Round "3"]
[White "Schunk, Herbert"]
[Black "Hoenick, Andreas"]
[Result "1-0"]
[WhiteElo "2212"]
[BlackElo "2029"]
[PlyCount "79"]
[EventDate "2000.04.21"]
[EventType "swiss"]
[EventRounds "7"]
[EventCountry "GER"]
[SourceTitle "CBM 076 Extra"]
[Source "ChessBase"]
[SourceDate "2000.07.11"]
[SourceVersion "1"]
[SourceVersionDate "2000.07.11"]
[SourceQuality "1"]

1. e4 Nf6 2. e5 Nd5 3. c4 Nb6 4. d4 d6 5. exd6 exd6 6. h3 Be7 7. Nf3 0-0 8. Be2 Re8 9. 0-0 Bf6 10. Nc3 Nc6 11. Be3 Bf5 12. Qb3 a6 13. a4 Na5 14. Qa2 Nc6 15. a5 Nb4 16. Qb3 Nc2 17. axb6 Nxa1 18. Rxa1 cxb6 19. Nd5 b5 20. Nxf6+ Qxf6 21. cxb5 axb5 22. Rf1 Rec8 23. Qxb5 Rc2 24. Rc1 Rxc1+ 25. Bxc1 Be4 26. Be3 h6 27. Nd2 Ra1+ 28. Kh2 Bc6 29. Qd3 Qe6 30. Bf3 Bxf3 31. Nxf3 Qa2 32. Qb5 Rb1 33. Qxb7 Qxb2 34. Qc8+ Kh7 35. Qf5+ Kg8 36. Qg4 Kh7 37. Qe4+ Kh8 38. Qe8+ Kh7 39. Qxf7 Rd1 40. Ng5+ 1-0

[Event "Passau op 7th"]
[Site "Passau"]
[Date "1999.04.04"]
[Round "5"]
[White "Otterstaetter, Stefan"]
[Black "Schunk, Herbert"]
[Result "1/2-1/2"]
[WhiteElo "2065"]
[BlackElo "2225"]
[PlyCount "68"]
[EventDate "1999.04.02"]
[EventType "swiss"]
[EventRounds "7"]
[EventCountry "GER"]
[SourceTitle "EXT 2000"]
[Source "ChessBase"]
[SourceDate "1999.11.16"]
[SourceVersion "1"]
[SourceVersionDate "1999.11.16"]
[SourceQuality "1"]

1. d4 Nf6 2. Nf3 b6 3. c4 e6 4. g3 Bb7 5. Bg2 Be7 6. 0-0 0-0 7. d5 exd5 8. Nh4 Ne4 9. cxd5 Bxh4 10. Bxe4 Bf6 11. Nc3 Na6 12. Bg2 Bxc3 13. bxc3 Qf6 14. Qc2 Rfe8 15. e4 c6 16. Bb2 cxd5 17. exd5 Rac8 18. Rfe1 Nc5 19. c4 Qg6 20. Qxg6 hxg6 21. Bf1 Ne4 22. Bd3 Nd2 23. Rxe8+ Rxe8 24. Bc3 Nxc4 25. Bxc4 Rc8 26. Bb3 Rxc3 27. Rd1 b5 28. f4 a5 29. d6 Be4 30. Re1 a4 31. Rxe4 axb3 32. axb3 Rd3 33. Re8+ Kh7 34. Rb8 Rxd6 1/2-1/2

[Event "Passau op 7th"]
[Site "Passau"]
[Date "1999.04.03"]
[Round "3"]
[White "Hoepfl, Thomas"]
[Black "Schunk, Herbert"]
[Result "1-0"]
[WhiteElo "2221"]
[BlackElo "2225"]
[PlyCount "65"]
[EventDate "1999.04.02"]
[EventType "swiss"]
[EventRounds "7"]
[EventCountry "GER"]
[SourceTitle "EXT 2000"]
[Source "ChessBase"]
[SourceDate "1999.11.16"]
[SourceVersion "1"]
[SourceVersionDate "1999.11.16"]
[SourceQuality "1"]

1. e4 e5 2. Nf3 Nc6 3. Bb5 a6 4. Ba4 Nf6 5. d4 exd4 6. 0-0 Be7 7. Re1 d6 8. Nxd4 Bd7 9. Bxc6 bxc6 10. Nc3 0-0 11. Bf4 g6 12. Qd3 Ng4 13. Nf3 f6 14. Nd4 Qe8 15. Bg3 Ne5 16. Qe2 Qf7 17. f4 Qc4 18. Qxc4+ Nxc4 19. b3 Na3 20. Rac1 Nb5 21. Nce2 d5 22. c4 Nxd4 23. Nxd4 dxe4 24. Rxe4 Bc5 25. Bf2 Rfe8 26. Rce1 Rxe4 27. Rxe4 Re8 28. Rxe8+ Bxe8 29. Ne6 Bb6 30. Bxb6 cxb6 31. Nc7 Bd7 32. Nxa6 Bf5 33. c5 1-0

[Event "Passau op 7th"]
[Site "Passau"]
[Date "1999.04.03"]
[Round "4"]
[White "Schunk, Herbert"]
[Black "Testor, Sebastian"]
[Result "1-0"]
[WhiteElo "2225"]
[BlackElo "2003"]
[PlyCount "49"]
[EventDate "1999.04.02"]
[EventType "swiss"]
[EventRounds "7"]
[EventCountry "GER"]
[SourceTitle "EXT 2000"]
[Source "ChessBase"]
[SourceDate "1999.11.16"]
[SourceVersion "1"]
[SourceVersionDate "1999.11.16"]
[SourceQuality "1"]

1. e4 d6 2. d4 Nf6 3. Bd3 e5 4. Ne2 exd4 5. Nxd4 Be7 6. c4 Bd7 7. 0-0 Nc6 8. Nxc6 Bxc6 9. Nc3 0-0 10. Nd5 Nxd5 11. cxd5 Bd7 12. Qb3 Qc8 13. Bf4 f5 14. e5 dxe5 15. d6+ Be6 16. Bc4 Bxc4 17. Qxc4+ Rf7 18. dxe7 exf4 19. Rfe1 Qe8 20. Qxc7 Rf6 21. Qxb7 Kf7 22. Rad1 Rc8 23. Rd8 Re6 24. Qd5 Qxe7 25. Rxc8 1-0

[Event "Passau op 6th"]
[Site "Passau"]
[Date "1998.04.12"]
[Round "5"]
[White "Schunk, Herbert"]
[Black "Loos, Stephan"]
[Result "1/2-1/2"]
[WhiteElo "1995"]
[BlackElo "2245"]
[PlyCount "39"]
[EventDate "1998.04.10"]
[EventType "swiss"]
[EventRounds "7"]
[EventCountry "GER"]
[SourceTitle "EXT 1999"]
[Source "ChessBase"]
[SourceDate "1998.11.16"]
[SourceVersion "1"]
[SourceVersionDate "1998.11.16"]
[SourceQuality "1"]

1. e4 g6 2. d4 Bg7 3. f4 c6 4. Nf3 d5 5. e5 Bg4 6. Bd3 e6 7. Nbd2 Ne7 8. Nf1 Nd7 9. Ne3 Bxf3 10. Qxf3 Qb6 11. c3 c5 12. Nc2 c4 13. Be2 f6 14. exf6 Nxf6 15. Ne3 Nf5 16. 0-0 0-0 17. Bd1 Rad8 18. Bc2 Nxe3 19. Qxe3 Ng4 20. Qe2 1/2-1/2

[Event "Passau op 6th"]
[Site "Passau"]
[Date "1998.04.10"]
[Round "2"]
[White "Webersberger, Johann"]
[Black "Schunk, Herbert"]
[Result "0-1"]
[WhiteElo "1749"]
[BlackElo "1997"]
[PlyCount "54"]
[EventDate "1998.04.10"]
[EventType "swiss"]
[EventRounds "7"]
[EventCountry "GER"]
[SourceTitle "EXT 1999"]
[Source "ChessBase"]
[SourceDate "1998.11.16"]
[SourceVersion "1"]
[SourceVersionDate "1998.11.16"]
[SourceQuality "1"]

1. e4 e5 2. Nf3 Nc6 3. Bb5 a6 4. Ba4 Nf6 5. 0-0 Be7 6. Re1 b5 7. Bb3 d6 8. h3 0-0 9. c3 Na5 10. Bc2 c5 11. d3 Re8 12. Nbd2 Bf8 13. Nf1 Qc7 14. Ne3 g6 15. a4 Bb7 16. Qe2 Bg7 17. b4 cxb4 18. cxb4 Nc6 19. Rb1 Rac8 20. Bb3 Nd4 21. Nxd4 exd4 22. Ng4 Nxe4 23. dxe4 Rxe4 24. Qxe4 Bxe4 25. Rxe4 bxa4 26. Bd5 Qc2 27. Ra1 d3 0-1

[Event "Wuerzburg op 13th"]
[Site "Wuerzburg"]
[Date "1997.??.??"]
[Round "2"]
[White "Kunz, Konstantin"]
[Black "Schunk, Herbert"]
[Result "1/2-1/2"]
[WhiteElo "2295"]
[BlackElo "2035"]
[PlyCount "86"]
[EventDate "1997.05.??"]
[EventType "swiss"]
[EventRounds "7"]
[EventCountry "GER"]
[SourceTitle "CBM 058 Extra"]
[Source "ChessBase"]
[SourceDate "1997.07.29"]
[SourceVersion "1"]
[SourceVersionDate "1997.07.29"]
[SourceQuality "1"]

1. d4 Nf6 2. c4 g6 3. f3 Bg7 4. e4 d6 5. Nc3 0-0 6. Nge2 Nc6 7. Be3 a6 8. Qd2 Re8 9. 0-0-0 Rb8 10. h4 h5 11. Bh6 Bh8 12. Nf4 Bd7 13. Nfd5 b5 14. Be3 e5 15. Nxf6+ Bxf6 16. d5 Nd4 17. Ne2 Bxh4 18. Nxd4 exd4 19. Bxd4 Bg5 20. Be3 Bxe3 21. Qxe3 Qf6 22. c5 dxc5 23. Qxc5 Qd6 24. Qxd6 cxd6 25. Bd3 Kg7 26. Kd2 Kf6 27. f4 Rbc8 28. Rc1 Rxc1 29. Rxc1 Rc8 30. Rxc8 Bxc8 31. Kc3 g5 32. g3 gxf4 33. gxf4 Ke7 34. e5 h4 35. b4 Bg4 36. Be4 Be2 37. Kd2 Bc4 38. a3 dxe5 39. fxe5 f6 40. e6 Kd6 41. Ke3 Bf1 42. Kf4 Bh3 43. Bf3 Ke7 1/2-1/2

[Event "Wuerzburg op 13th"]
[Site "Wuerzburg"]
[Date "1997.??.??"]
[Round "5"]
[White "Schunk, Herbert"]
[Black "Baeuml, Ulrich"]
[Result "0-1"]
[WhiteElo "2035"]
[BlackElo "1805"]
[PlyCount "70"]
[EventDate "1997.05.??"]
[EventType "swiss"]
[EventRounds "7"]
[EventCountry "GER"]
[SourceTitle "CBM 058 Extra"]
[Source "ChessBase"]
[SourceDate "1997.07.29"]
[SourceVersion "1"]
[SourceVersionDate "1997.07.29"]
[SourceQuality "1"]

1. e4 c5 2. Nf3 d6 3. d4 cxd4 4. Nxd4 Nf6 5. Nc3 g6 6. Be2 Bg7 7. 0-0 0-0 8. Bg5 Nc6 9. Nb3 Bd7 10. Kh1 Rc8 11. f4 a6 12. Bf3 b5 13. Qe1 h6 14. Bh4 Nh7 15. Rd1 g5 16. Bg3 gxf4 17. Bxf4 Ne5 18. Qg3 Kh8 19. Nd4 Rg8 20. Nd5 Nxf3 21. Nxf3 Rxc2 22. e5 Bxe5 23. Bxe5+ dxe5 24. Qxe5+ f6 25. Qe4 Rgxg2 26. Nf4 Ng5 27. Qg6 Rgf2 28. Qxh6+ Nh7 29. Rxf2 Rxf2 30. Rg1 Bg4 31. Ng6+ Kg8 32. Nxe7+ Qxe7 33. Rxg4+ Kh8 34. Qf4 Rf1+ 35. Kg2 Qe2+ 0-1

[Event "Regionalliga SW 9596"]
[Site "Bayern"]
[Date "1996.??.??"]
[Round "?"]
[White "Maugg, Ludwig"]
[Black "Schunk, Herbert"]
[Result "0-1"]
[WhiteElo "2195"]
[BlackElo "2070"]
[PlyCount "72"]
[EventDate "1995.10.??"]
[EventType "team-tourn"]
[EventRounds "9"]
[EventCountry "GER"]
[SourceTitle "EXT 1999"]
[Source "ChessBase"]
[SourceDate "1998.11.16"]
[SourceVersion "1"]
[SourceVersionDate "1998.11.16"]
[SourceQuality "1"]
[WhiteTeam "Sonthofen"]
[BlackTeam "Muenchen RT"]
[WhiteTeamCountry "GER"]
[BlackTeamCountry "GER"]

1. e4 e5 2. Nf3 Nc6 3. Bb5 a6 4. Ba4 Nf6 5. 0-0 Be7 6. Re1 b5 7. Bb3 d6 8. c3 0-0 9. h3 Na5 10. Bc2 c5 11. d4 Nd7 12. Nbd2 cxd4 13. cxd4 Nc6 14. a4 Rb8 15. axb5 axb5 16. d5 Nb4 17. Bb1 Qe8 18. Nf1 f6 19. Bd2 Na6 20. Ng3 g6 21. Bh6 Rf7 22. Nh2 Nac5 23. Ng4 Bf8 24. Be3 b4 25. Nh6+ Bxh6 26. Bxh6 Nb6 27. h4 Nba4 28. Bc1 Qb5 29. h5 Bd7 30. Qf3 Qc4 31. Ba2 Qd3 32. hxg6 hxg6 33. Be3 Nxb2 34. Bxc5 Qxf3 35. gxf3 dxc5 36. d6 b3 0-1

[Event "Regionalliga SW 9596"]
[Site "Bayern"]
[Date "1996.??.??"]
[Round "?"]
[White "Stoer, Andreas"]
[Black "Schunk, Herbert"]
[Result "1/2-1/2"]
[WhiteElo "2120"]
[BlackElo "2070"]
[PlyCount "52"]
[EventDate "1995.10.??"]
[EventType "team-tourn"]
[EventRounds "9"]
[EventCountry "GER"]
[SourceTitle "EXT 1999"]
[Source "ChessBase"]
[SourceDate "1998.11.16"]
[SourceVersion "1"]
[SourceVersionDate "1998.11.16"]
[SourceQuality "1"]
[WhiteTeam "Kriegshaber SK"]
[BlackTeam "Muenchen RT"]
[WhiteTeamCountry "GER"]
[BlackTeamCountry "GER"]

1. c4 e5 2. Nc3 Nc6 3. g3 g6 4. Bg2 Bg7 5. e3 f5 6. Nge2 Nf6 7. 0-0 0-0 8. d3 d6 9. Rb1 a5 10. a3 Ne7 11. b4 axb4 12. axb4 c6 13. b5 d5 14. cxd5 cxd5 15. Qb3 Kh8 16. Ba3 Be6 17. Ra1 Re8 18. Bxe7 Qxe7 19. Nxd5 Qd6 20. e4 Rxa1 21. Rxa1 Nxd5 22. exd5 e4 23. Qa3 Qe5 24. Re1 Bxd5 25. Nf4 Bf7 26. dxe4 Qxb5 1/2-1/2

[Event "Regionalliga SW 9495"]
[Site "Bayern"]
[Date "1995.??.??"]
[Round "?.2"]
[White "Gang, Ralph"]
[Black "Schunk, Herbert"]
[Result "0-1"]
[WhiteElo "1985"]
[BlackElo "2105"]
[PlyCount "120"]
[EventDate "1994.10.??"]
[EventType "team-tourn"]
[EventRounds "9"]
[EventCountry "GER"]
[SourceTitle "EXT 1999"]
[Source "ChessBase"]
[SourceDate "1998.11.16"]
[SourceVersion "1"]
[SourceVersionDate "1998.11.16"]
[SourceQuality "1"]
[WhiteTeam "Kaufbeuren"]
[BlackTeam "Muenchen RT"]
[WhiteTeamCountry "GER"]
[BlackTeamCountry "GER"]

1. e4 e5 2. Nf3 Nc6 3. Bb5 a6 4. Ba4 Nf6 5. 0-0 b5 6. Bb3 Be7 7. Qe2 0-0 8. c3 d6 9. d4 Bg4 10. Rd1 Qc8 11. d5 Na5 12. Bc2 c6 13. dxc6 Nxc6 14. Bg5 Rd8 15. Nbd2 Nd4 16. Qd3 Nxc2 17. Qxc2 h6 18. Bh4 Qc6 19. Re1 Rdc8 20. Qd3 a5 21. h3 Be6 22. Rec1 Ra7 23. a3 Rac7 24. Re1 g5 25. Bg3 Nh5 26. Bh2 Qb7 27. Kh1 b4 28. axb4 axb4 29. cxb4 Qxb4 30. Qa3 Rb7 31. Qa6 Rb6 32. Qa7 Rb7 33. Qa6 Rb6 34. Qa7 Bf8 35. Rec1 Rcb8 36. b3 Nf6 37. Ra4 Qb5 38. Rc7 R6b7 39. Rxb7 Rxb7 40. Qa8 Bxb3 41. Nxb3 Qxb3 42. Ng1 Nd7 43. Ra1 Nc5 44. f3 Qc2 45. Ra2 Qd1 46. Qc8 Rb1 47. h4 Nd3 48. hxg5 hxg5 49. Qg4 Be7 50. Qc8+ Kg7 51. Qc2 Qf1 52. Qe2 Bd8 53. Qxf1 Rxf1 54. g3 Ne1 55. Rb2 Nxf3 56. Kg2 Nxh2 57. Kxh2 Re1 58. Rb4 g4 59. Kg2 Ba5 60. Rb2 Bc3 0-1

[Event "Regionalliga SW 9495"]
[Site "Bayern"]
[Date "1995.??.??"]
[Round "?.2"]
[White "Schunk, Herbert"]
[Black "Herb, Stefan"]
[Result "1-0"]
[WhiteElo "2105"]
[BlackElo "2065"]
[PlyCount "69"]
[EventDate "1994.10.??"]
[EventType "team-tourn"]
[EventRounds "9"]
[EventCountry "GER"]
[SourceTitle "EXT 1999"]
[Source "ChessBase"]
[SourceDate "1998.11.16"]
[SourceVersion "1"]
[SourceVersionDate "1998.11.16"]
[SourceQuality "1"]
[WhiteTeam "Muenchen RT"]
[BlackTeam "Haunstetten"]
[WhiteTeamCountry "GER"]
[BlackTeamCountry "GER"]

1. c4 d6 2. g3 Nf6 3. Bg2 c6 4. Nf3 e5 5. Nc3 Be7 6. d3 0-0 7. 0-0 Bg4 8. Rb1 Nbd7 9. b4 Re8 10. h3 Be6 11. e4 Nf8 12. Ng5 Bd7 13. f4 h6 14. Nf3 Qc7 15. Be3 Rad8 16. Qe2 Bc8 17. Qf2 b6 18. b5 exf4 19. gxf4 d5 20. e5 Nh5 21. cxd5 cxd5 22. Rbc1 Ne6 23. Nxd5 Qd7 24. Nxe7+ Qxe7 25. Rc4 Rxd3 26. f5 Ng5 27. Nxg5 hxg5 28. Qe2 Ra3 29. Qxh5 Rxe3 30. e6 fxe6 31. f6 gxf6 32. Qg6+ Kh8 33. Rxf6 Rg8 34. Qh5+ Qh7 35. Rh6 1-0

[Event "Regionalliga SW 9495"]
[Site "Bayern"]
[Date "1995.??.??"]
[Round "?.2"]
[White "Schunk, Herbert"]
[Black "Oberhofer, Max"]
[Result "1-0"]
[WhiteElo "2105"]
[BlackElo "2105"]
[PlyCount "101"]
[EventDate "1994.10.??"]
[EventType "team-tourn"]
[EventRounds "9"]
[EventCountry "GER"]
[SourceTitle "EXT 1999"]
[Source "ChessBase"]
[SourceDate "1998.11.16"]
[SourceVersion "1"]
[SourceVersionDate "1998.11.16"]
[SourceQuality "1"]
[WhiteTeam "Muenchen RT"]
[BlackTeam "Sonthofen"]
[WhiteTeamCountry "GER"]
[BlackTeamCountry "GER"]

1. c4 Nf6 2. g3 g6 3. Bg2 Bg7 4. Nf3 0-0 5. 0-0 d6 6. Nc3 Nc6 7. d3 e5 8. Bg5 h6 9. Bxf6 Qxf6 10. Rb1 Qd8 11. b4 Kh7 12. b5 Ne7 13. Ne1 f5 14. Nc2 e4 15. Nd5 Nxd5 16. cxd5 exd3 17. Qxd3 a6 18. a4 axb5 19. axb5 Ra2 20. Qc4 Ra5 21. e3 Re8 22. Nd4 Bxd4 23. Qxd4 b6 24. Rfc1 Re7 25. Bf1 Bd7 26. Qf6 Be8 27. Ra1 Rxa1 28. Rxa1 Rd7 29. Qc3 Bf7 30. Qc6 Re7 31. Ra7 Qd7 32. Qb7 f4 33. exf4 Qf5 34. Qb8 Bxd5 35. Rxc7 Qe4 36. Rxe7+ Qxe7 37. Qxb6 Qe4 38. Qc7+ Kg8 39. Qc8+ Kg7 40. Qc3+ Kf7 41. f3 Qxf3 42. Qxf3 Bxf3 43. Kf2 Bb7 44. Bg2 d5 45. Ke3 Ke6 46. Kd4 Kd6 47. h4 h5 48. Bf3 Ba8 49. Be2 Ke6 50. Bd3 Kf6 51. Kc5 1-0

[Event "Regionalliga SW 9495"]
[Site "Bayern"]
[Date "1994.??.??"]
[Round "?.2"]
[White "Dierich, Jochen"]
[Black "Schunk, Herbert"]
[Result "0-1"]
[WhiteElo "1905"]
[BlackElo "2105"]
[PlyCount "60"]
[EventDate "1994.10.??"]
[EventType "team-tourn"]
[EventRounds "9"]
[EventCountry "GER"]
[SourceTitle "EXT 1999"]
[Source "ChessBase"]
[SourceDate "1998.11.16"]
[SourceVersion "1"]
[SourceVersionDate "1998.11.16"]
[SourceQuality "1"]
[WhiteTeam "Heimertingen"]
[BlackTeam "Muenchen RT"]
[WhiteTeamCountry "GER"]
[BlackTeamCountry "GER"]

1. e4 e5 2. Nf3 Nc6 3. Bc4 Nf6 4. Bd5 d6 5. Nc3 Nxd5 6. Nxd5 Bg4 7. c3 g6 8. 0-0 Bg7 9. b4 0-0 10. b5 Ne7 11. Ne3 Bd7 12. a4 a6 13. bxa6 Rxa6 14. d4 Bc6 15. d5 Bd7 16. h4 Qa8 17. a5 Rxa5 18. Rb1 b5 19. h5 f6 20. hxg6 hxg6 21. Nh4 Ra4 22. Rb4 Kf7 23. Qf3 Rh8 24. Qg3 Bh6 25. Ng4 Bxc1 26. Rxc1 Ra1 27. Rbb1 Rxb1 28. Rxb1 Qa2 29. Rf1 Qe2 30. Ne3 Qh5 0-1